Statistiques concernant Quiz Stade toulousain.

Cliquez ici pour prendre le quiz!

Statistiques générales

  • Ce quiz a été pris 227 fois
  • Le résultat moyen est 8 sur 10

Statistiques - réponses

QuestionRéponse% Correct
Le dernier?2019
96%
Dans quel stade évolue le Stade toulousain à domicile?Stade Ernest-Wallon
96%
Quel est l'actuel entraîneur du Stade toulousain?Ugo Mola
94%
Qui est l'actuel président du Stade toulousain?Didier Lacroix
92%
Combien de titre de champions de France le Stade a-t-il remporté?20
91%
Quel important joueur du Stade toulousain, capitaine de l'équipe de France, a été désigné meilleur joueur du monde en 2011?Thierry Dusautoir
90%
Combien de titres européens le Stade toulousain possède-t-il?4
86%
Ce nombre est un record mais quel club le partage avec lui?Leinster (Irl)
82%
En quelle année a été fondé le Stade toulousain?1907
64%
De quand date le premier?1912
52%

Distribution des résultats

Percentile par nombre de réponses

% des personnes avec chaque résultat

Votre développement - résultats

Vous n’avez pas pris ce quiz